Statistics for World Nationality Quiz

Click here to take the quiz!

General Stats

  • This quiz has been taken 166 times
    (126 since last reset)
  • The average score is 84 of 187

Answer Stats

HintAnswer% Correct
USAAmerican
98%
CanadaCanadian
98%
MexicoMexican
98%
JamaicaJamaican
81%
BrazilBrazilian
79%
CubaCuban
77%
FranceFrench
77%
Costa RicaCosta Rican
76%
GermanyGerman
76%
PortugalPortuguese
76%
SpainSpanish
76%
ChinaChinese
74%
ColombiaColombian
74%
Dominica | Dominican RepublicDominican
74%
GuatemalaGuatemalan
74%
ItalyItalian
74%
JapanJapanese
73%
VietnamVietnamese
73%
CambodiaCambodian
71%
MalaysiaMalaysian
71%
PolandPolish
71%
RussiaRussian
71%
AlbaniaAlbanian
69%
AustriaAustrian
69%
United KingdomBritish
69%
HaitiHaitian
69%
IndonesiaIndonesian
69%
IrelandIrish
69%
SwedenSwedish
69%
AustraliaAustralian
68%
CroatiaCroatian
68%
EstoniaEstonian
68%
HungaryHungarian
68%
LatviaLatvian
68%
MongoliaMongolian
68%
NepalNepali
68%
SerbiaSerbian
68%
EcuadorEcuadorian
66%
LithuaniaLithuanian
66%
RomaniaRomanian
66%
BoliviaBolivian
65%
The NetherlandsDutch
65%
North & South KoreaKorean
65%
SloveniaSlovene
65%
ThailandThai
65%
UkraineUkrainian
65%
VenezuelaVenezuelan
65%
ChileChilean
63%
DenmarkDanish
63%
FinlandFinnish
63%
NorwayNorwegian
63%
SlovakiaSlovak
63%
BelgiumBelgian
61%
Czech RepublicCzech
61%
TaiwanTaiwanese
61%
AndorraAndorran
60%
BelarusBelarusian
60%
IndiaIndian
60%
SwitzerlandSwiss
60%
North MacedoniaMacedonian
58%
NicaraguaNicaraguan
58%
PeruPeruvian
58%
ArgentinaArgentine
56%
IcelandIcelandic
56%
BhutanBhutanese
55%
HondurasHonduran
55%
SomaliaSomali
55%
TurkeyTurkish
55%
PhilippinesFilipino
53%
GeorgiaGeorgian
53%
MoldovaMoldovan
53%
PakistanPakistani
53%
BangladeshBangladeshi
52%
BarbadosBarbadian
52%
IsraelIsraeli
52%
SyriaSyrian
52%
IranIranian
50%
MaltaMaltese
50%
St. LuciaSt. Lucian
50%
YemenYemeni
50%
ArmeniaArmenian
48%
KazakhstanKazakh
48%
ParaguayParaguayan
48%
UruguayUruguayan
48%
AfghanistanAfghan
47%
LebanonLebanese
47%
NigeriaNigerian
47%
NigerNigerien
47%
OmanOmani
47%
UzbekistanUzbek
47%
Myanmar / BurmaBurmese
45%
TongaTongan
45%
FijiFijian
44%
GrenadaGrenadian
44%
KuwaitKuwaiti
44%
SamoaSamoan
44%
Saudi ArabiaSaudi Arabian
44%
Trinidad & TobagoTrinidadian
44%
TurkmenistanTurkmen
44%
Antigua & BarbudaAntiguan
42%
AzerbaijanAzerbaijani
42%
EgyptEgyptian
42%
GuyanaGuyanese
42%
SurinameSurinamese
42%
AlgeriaAlgerian
40%
MoroccoMoroccan
40%
KenyaKenyan
39%
LuxembourgLuxembourgish
39%
MaldivesMaldivian
39%
Federated States of MicronesiaMicronesian
37%
MontenegroMontenegrin
37%
PanamaPanamanian
37%
SingaporeSingaporian
37%
TunisiaTunisian
37%
BahrainBahraini
35%
BelizeBelizean
35%
KyrgyzstanKyrgyz
35%
EthiopiaEthiopian
34%
The VaticanVaticanian
34%
BahamasBahamian
32%
BruneiBruneian
32%
CyprusCypriot
32%
JordanJordanian
32%
LaosLaotian
32%
LiberiaLiberian
32%
TanzaniaTanzanian
32%
El SalvadorSalvadoran
31%
TajikistanTajikistani
31%
UgandaUgandan
31%
GabonGabonese
29%
NauruNauruan
29%
Sudan & South SudanSudanese
29%
East TimorTimorese
29%
TuvaluTuvaluan
29%
ZambiaZambian
29%
CameroonCameroonian
27%
DjiboutiDjiboutian
27%
PalauPalauan
27%
RwandaRwandan
27%
United Arab EmiratesEmirati
26%
MaliMalian
26%
AngolaAngolan
24%
ChadChadian
24%
New ZealandMaori
23%
St. Vincent & the GrenadinesVincentian
23%
Ivory CoastIvorian
21%
St Kitts & NevisKittitian
21%
LiechtensteinLiechtensteiner
21%
Marshall IslandsMarshallese
21%
GhanaGhanaian
19%
KosovoKosovar
19%
Bosnia & HerzegovinaBosniak
18%
BurundiBurundian
18%
KiribatiGilbertese
18%
GreeceHellene
18%
GambiaKambi
18%
MauritiusMauritian
18%
Solomon IslandsSolomon Islander
18%
BotswanaTswana
18%
Guinea-BissauBissau-Guinean
16%
Central African RepublicCentral African
16%
ComorosComorian
16%
Democratic Republic of the CongoCongoese
16%
Equatorial GuineaEquatorial Guinean
16%
Papua New GuineaMelanesian
16%
MonacoMonegasques
16%
MauritaniaMoor
16%
MozambiqueMozambican
16%
Vanuatuni-Vanuatu
16%
SeychellesSeychelloi
16%
EritreaTigray
16%
TogoTogolese
16%
ZimbabweZimbabwean
16%
GuineaFula
15%
NamibiaNama
15%
Sierra LeoneSierra Leone Creole
15%
Sri LankaSinhalese
15%
EswatiniSwati
15%
SenegalWolof
15%
South AfricaAfrikaner
13%
LesothoBasotho
13%
Burkina FasoBurkinabe
13%
BeninEdo
13%
MadagascarMalagasy
13%
MalawiChichewa
11%
LibyaLibu
11%

Score Distribution

Percentile by Number Answered

Percent of People with Each Score

Your Score History

You have not taken this quiz since the last reset